<?xml version="1.0" encoding="UTF-8"?><?xml-stylesheet type="text/xsl" href="static/style.xsl"?><OAI-PMH xmlns="http://www.openarchives.org/OAI/2.0/" xmlns:xsi="http://www.w3.org/2001/XMLSchema-instance" xsi:schemaLocation="http://www.openarchives.org/OAI/2.0/ http://www.openarchives.org/OAI/2.0/OAI-PMH.xsd"><responseDate>2026-04-17T10:16:14Z</responseDate><request verb="GetRecord" identifier="oai:www.recercat.cat:10230/58519" metadataPrefix="marc">https://recercat.cat/oai/request</request><GetRecord><record><header><identifier>oai:recercat.cat:10230/58519</identifier><datestamp>2025-12-17T20:24:25Z</datestamp><setSpec>com_2072_6</setSpec><setSpec>col_2072_452954</setSpec></header><metadata><record xmlns="http://www.loc.gov/MARC21/slim" xmlns:dcterms="http://purl.org/dc/terms/" xmlns:xsi="http://www.w3.org/2001/XMLSchema-instance" xmlns:doc="http://www.lyncode.com/xoai" xsi:schemaLocation="http://www.loc.gov/MARC21/slim http://www.loc.gov/standards/marcxml/schema/MARC21slim.xsd">
   <leader>00925njm 22002777a 4500</leader>
   <datafield ind2=" " ind1=" " tag="042">
      <subfield code="a">dc</subfield>
   </datafield>
   <datafield ind2=" " ind1=" " tag="720">
      <subfield code="a">Cuadrado Lavado, Israel</subfield>
      <subfield code="e">author</subfield>
   </datafield>
   <datafield ind2=" " ind1=" " tag="260">
      <subfield code="c">2023-12-12T09:53:24Z</subfield>
   </datafield>
   <datafield ind2=" " ind1=" " tag="260">
      <subfield code="c">2023-12-12T09:53:24Z</subfield>
   </datafield>
   <datafield ind2=" " ind1=" " tag="260">
      <subfield code="c">2023-07-31</subfield>
   </datafield>
   <datafield ind2=" " ind1=" " tag="520">
      <subfield code="a">Treball de Fi de Màster en Estudis Comparatius de Literatura, Art i Pensament. Curs 2022-2023</subfield>
   </datafield>
   <datafield ind2=" " ind1=" " tag="520">
      <subfield code="a">Directora: Isabel Valverde Zaragoza</subfield>
   </datafield>
   <datafield ind2=" " ind1=" " tag="520">
      <subfield code="a">Durante la primera mitad el siglo XIX francés, la pintura de paisaje evolucionó hacia un nuevo modo de representación que lo desligaba poco a poco de ese género menor asociado a la tradición pastoril clásica, y lo posicionaba al nivel de los grandes géneros. Sin embargo, la tradición literaria bucólica grecolatina, lejos de desaparecer, también evolucionó para adaptarse a los nuevos discursos y las nuevas realidades históricas. Este&#xd;
estudio se propone abordar la recepción y la evolución de los tópicos de la literatura bucólica grecolatina a través de la obra de uno de las figuras más importantes y eruditas de este periodo, el pintor Jean-François Millet.</subfield>
   </datafield>
   <datafield ind2=" " ind1=" " tag="520">
      <subfield code="a">During the first half of the French nineteenth century, landscape painting gradually evolved towards new ways of representation far from that minor genre associated with the classical pastoral tradition, to gain a new position close if not equal to the great genres. However, the Greco-Latin bucolic tradition, far from fading away, found new ways to engage with the new discourses and the new historical realities. The purpose of this study is, therefore, to analyze the reception and evolution of the bucolic Greco-Latin literary topics around one of the most important and cultured figures of this period, the painter Jean-François Millet.</subfield>
   </datafield>
   <datafield tag="653" ind2=" " ind1=" ">
      <subfield code="a">Treball de fi de màster – Curs 2022-2023</subfield>
   </datafield>
   <datafield tag="653" ind2=" " ind1=" ">
      <subfield code="a">Millet, Jean François (1814-1875)</subfield>
   </datafield>
   <datafield tag="653" ind2=" " ind1=" ">
      <subfield code="a">Teòcrit, aproximadament 300 aC-aproximadament 250 aC</subfield>
   </datafield>
   <datafield tag="653" ind2=" " ind1=" ">
      <subfield code="a">Virgili Maró, Publi, 70 aC-19 aC</subfield>
   </datafield>
   <datafield tag="653" ind2=" " ind1=" ">
      <subfield code="a">Bucólicas</subfield>
   </datafield>
   <datafield tag="653" ind2=" " ind1=" ">
      <subfield code="a">Geórgicas</subfield>
   </datafield>
   <datafield tag="653" ind2=" " ind1=" ">
      <subfield code="a">Idilios</subfield>
   </datafield>
   <datafield tag="653" ind2=" " ind1=" ">
      <subfield code="a">Eclogues</subfield>
   </datafield>
   <datafield tag="653" ind2=" " ind1=" ">
      <subfield code="a">Georgics</subfield>
   </datafield>
   <datafield tag="653" ind2=" " ind1=" ">
      <subfield code="a">Ydills</subfield>
   </datafield>
   <datafield ind2="0" ind1="0" tag="245">
      <subfield code="a">Entre lo idílico, lo geórgico y lo real: una lectura a través de Virgilio y Teócrito de la obra de Jean-François Millet</subfield>
   </datafield>
</record></metadata></record></GetRecord></OAI-PMH>